000 00619nam a2200217Ia 4500
005 20241129115711.0
008 241129s9999||||xx |||||||||||||| ||und||
020 _a9789356400993
037 _aTB
040 _aSDCL
_beng
_cSDCL
041 _aeng
_2eng
084 _aV461'D7 R2
_qSDCL
100 _aZadeh Travis
_9728118
245 0 _aMapping frontiers across medieval Islam : Geography, translation and the Abbasid empire
260 _aNew Delhi
_b Bloomsbury
_c2022
300 _axii,315p.
365 _aINR
_b999
650 _aReference
942 _cTB
_hV461'D7 R2
999 _c1231622
_d1231622